|
|
|
|
| LEADER |
00000nam0a2200000 4500 |
| 001 |
308981 |
| 005 |
20231102002139.0 |
| 035 |
|
|
|a (RuTPU)RU\TPU\book\334302
|
| 090 |
|
|
|a 308981
|
| 100 |
|
|
|a 20151109d1981 m y0rusy50 ca
|
| 101 |
0 |
|
|a rus
|
| 102 |
|
|
|a BY
|
| 105 |
|
|
|a a j 001zy
|
| 200 |
1 |
|
|a Ручная дуговая сварка металлов
|e учебное пособие для среднего профессионального образования
|f И. Б. Мисник
|
| 210 |
|
|
|a Минск
|c Вышэйшая школа
|d 1981
|
| 215 |
|
|
|a 207 с.
|c ил.
|
| 320 |
|
|
|a Библиогр.: с. 204
|
| 606 |
1 |
|
|a Электросварка дуговая, ручная
|2 stltpush
|3 (RuTPU)RU\TPU\subj\20797
|9 45874
|
| 610 |
1 |
|
|a сварка
|
| 610 |
1 |
|
|a резка
|
| 610 |
1 |
|
|a сварочная дуга
|
| 610 |
1 |
|
|a источники пара
|
| 610 |
1 |
|
|a источники постоянного тока
|
| 610 |
1 |
|
|a переменный электрический ток
|
| 610 |
1 |
|
|a сварочные автоматы
|
| 610 |
1 |
|
|a аппаратура
|
| 610 |
1 |
|
|a технология
|
| 610 |
1 |
|
|a сварочные электроды
|
| 610 |
1 |
|
|a строжка
|
| 610 |
1 |
|
|a контроль качества
|
| 610 |
1 |
|
|a стандартизация
|
| 610 |
1 |
|
|a учебные пособия
|
| 675 |
|
|
|a 621.791.75(075.3)
|v 4
|
| 700 |
|
1 |
|a Мисник
|b И. Б.
|g Иван Борисович
|
| 801 |
|
1 |
|a RU
|b 63413507
|c 20151109
|
| 801 |
|
2 |
|a RU
|b 63413507
|c 20191023
|g RCR
|
| 942 |
|
|
|c BK
|